000 00572nam a2200241Ia 4500
005 20250425162003.0
008 250425s9999 xx 000 0 und d
020 _a970100888X
041 _aspa
082 _a651.74
100 _aALVARADO RANGEL, LETICIA
245 0 _aCOMUNICACION I
250 _a1A ED.
260 _aMEXICO
260 _aMéxico
_bMCGRAW-HILL
_c1997
300 _a175
650 _aCOMUNICACION ESCRITA
650 _aGRAMATICA ESTRUCTURAL
650 _aORTOGRAFIA
650 _aTECNICAS DE ESCRITURA
942 _c01
010 _a38807
999 _c220158
_d220158